| 000 | 00367nam a2200145 a 4500 | ||
|---|---|---|---|
| 005 | 20140412111428.0 | ||
| 008 | 090627s19uu xx 00 eng d | ||
| 020 | _a0-439-69999-1 | ||
| 050 |
_aTR(GS E _bM26 2003 |
||
| 100 | _aModonna | ||
| 245 |
_aMr. Peabody's apples / _cMadonna. |
||
| 260 |
_aNew York : _bScholastic, _c2003. |
||
| 300 | _a28p. | ||
| 999 |
_c106286 _d106286 |
||